| 000 | 00962nam a2200301 i 4500 | ||
|---|---|---|---|
| 003 | EG-GICUC | ||
| 005 | 20260223125716.0 | ||
| 008 | 260223s1984 fr ||||fr|||| 00| 0 fre d | ||
| 040 |
_aEG-GiCUC _bfre _cEG-GiCUC _dEG-GiCUC _erda |
||
| 082 | 0 | 4 |
_221 _a341.8 _bGO . S |
| 092 | 0 | 4 | _221 |
| 099 | _aLaw1 12 341.8 GO . S 1984 | ||
| 100 | 1 |
_aGeorges Khairallah _eAuteur |
|
| 245 | 1 | 4 |
_aLes Sûretés Mobilières en Droit International Privé / _b _cGeorges Khairallah ; Henri Batiffol. _n |
| 264 | 1 |
_aParis : _bEconomica, _c1984. |
|
| 300 |
_a323pages : _billustrations, _c24 cm |
||
| 336 |
_2rda content _atext |
||
| 337 |
_2rda media _aComputer |
||
| 338 |
_2rda carrier _aOnline Resource |
||
| 504 | _a | ||
| 546 | _aTexte en français | ||
| 650 | 1 | 4 |
_aDroit international privé _2 |
| 651 | 1 | _2 | |
| 700 | 1 |
_a Batiffol, Henri _ePréfacier |
|
| 856 | 4 | 0 | _uhttps://fll.law.cu.edu.eg/fulltext/bks/B12-02823.pdf |
| 905 | _a50 | ||
| 942 |
_2ddc _cBK _e21 _n0 |
||
| 999 |
_c64078 _d64078 |
||